Vôňa tvorby 2014-2024 the scent of artistic creation : la senteur de la création artistique : der Duft der Schöpfung
| Main Authors: | , |
|---|---|
| Other Authors: | , , |
| Format: | Book |
| Language: | Slovak English French German |
| PhysicalDescription: | 90 strán fotografie 30 cm |
| Published: |
[Bratislava]
[Ivica Krošláková]
[2024]
|
| ISBN: | 9788057057604 |
| Subjects: |
MARC
| LEADER | 00000nam a2200000 4500 | ||
|---|---|---|---|
| 001 | vtls012281566 | ||
| 003 | SK-MaSNL | ||
| 005 | 20260426020709.0 | ||
| 008 | 250819t2024 xo o g c 000 0dslo | ||
| 020 | |a 9788057057604 |q (brožované) | ||
| 040 | |a SNK |b slo |c SNK |e rda | ||
| 041 | 0 | |a slo |a eng |a fre |a ger | |
| 044 | |a xo |c SK | ||
| 072 | 7 | |a 72/76 |x Výtvarné umenie |2 konspekt | |
| 080 | |a 75.071.1 |2 2011 | ||
| 080 | |a (083.824) |2 2011 | ||
| 080 | |a (084.11) |2 2011 | ||
| 080 | |a (437.6) |2 2011 | ||
| 080 | |a 75(437.6) |2 2011 | ||
| 100 | 1 | |a Krošláková, Ivica, |d 1943- |4 aut |9 133094 | |
| 245 | 1 | 0 | |a Vôňa tvorby 2014-2024 |b the scent of artistic creation : la senteur de la création artistique : der Duft der Schöpfung |c Ivica Krošláková |
| 246 | 3 | 2 | |a Ivica Krošláková - vôňa tvorby 2014-2024 |
| 264 | 1 | |a [Bratislava] |b [Ivica Krošláková] |c [2024] | |
| 264 | 4 | |c ©2024 | |
| 300 | |a 90 strán |b fotografie |c 30 cm | ||
| 336 | |a text |b txt |2 rdacontent | ||
| 336 | |a statický obraz |b sti |2 rdacontent | ||
| 337 | |a bez média |b n |2 rdamedia | ||
| 338 | |a zväzok |b nc |2 rdacarrier | ||
| 500 | |a Katalóg k jubilejnej výstave diel autorky v Galérii Umelka v Bratislave 29.5 - 16.6.2024 | ||
| 500 | |a Vydavateľské údaje podľa NA ISBN | ||
| 546 | |a Súbežný názov a text v angličtine, francúzštine a nemčine | ||
| 600 | 1 | 7 | |a Krošláková, Ivica, |d 1943- |2 SNKMA |9 133094 |
| 648 | 7 | |a 20. storočie |2 SNKPH |9 278343 | |
| 648 | 7 | |a 20th century |2 SNKPHeng |9 277995 | |
| 650 | 0 | 7 | |a maliari |2 SNKPH |9 3150 |
| 650 | 0 | 7 | |a Painters |2 SNKPHeng |9 99679 |
| 650 | 0 | 7 | |a slovenské maliarstvo |2 SNKPH |9 3124 |
| 650 | 0 | 7 | |a Slovak painting |2 SNKPHeng |9 302574 |
| 651 | 7 | |a Slovensko |2 SNKPHgeo |9 14231 | |
| 651 | 7 | |a Slovakia |2 SNKPHeng |9 92630 | |
| 655 | 7 | |a katalógy výstav |2 SNKPH |9 70445 | |
| 655 | 7 | |a Exhibition catalogs |2 SNKPHeng |9 266232 | |
| 655 | 7 | |a obrazové publikácie |2 SNKPH |9 70343 | |
| 655 | 7 | |a Pictorial works |2 SNKPHeng |9 284468 | |
| 700 | 1 | |a Letrichová, Xénia |4 aut |9 769556 | |
| 700 | 1 | |a Havelská, Beata |4 trl |9 248900 | |
| 700 | 1 | |a Hof, Suzanne |4 trl |9 292210 | |
| 700 | 1 | |a Hanousková, Daniela |4 trl |9 722875 | |
| 700 | 1 | |a Štecková, Andrea |4 bkd |9 769557 | |
| 852 | |a Slovenská národná knižnica | ||
| 919 | |a 978-80-570-5760-4 | ||
| 999 | |c 1218436 |d 1220366 | ||
| 952 | |a SNK |b SNK |y NEVYP |7 1 |p 17A1577013 |o snkOSB 21814 |i snk2025/13152 |8 0 |0 0 |1 0 |4 0 |d 2025-08-19 |l 0 |r 2026-02-24 23:35:48 |w 2026-02-24 | ||


